000 01041nam a2200265Ia 4500
003 OSt
005 20221005103639.0
006 a|||||r|||| 00| 0
007 ta
008 221004b |||||||| |||| 00| 0 hin d
020 _a8186747990 (hbk)
_cIndian Rupees 850.00
024 _a27862
037 _bGift, 30/09/2016,
_cTextual
040 _aCRL
_cCRL
_bhin
041 _2hin
_ahin
082 _aO152,1:g, P9
100 _aशर्मा, राम सनेही, ‘यायावर’
_9623685
245 0 _aसमकालीन गीति - काव्य
_b संवेदना और शिल्प
246 _aSamakālīn gīti - kāvya: sanvedanā aur shilpa
260 _aदिल्ली
_bअनंग प्रकाशन भारत
_c2009
300 _a543पृ0
_ccm.
650 _aहिन्दी साहित्य
942 _hO152,1:g, P9
_cTEXL
_2cc
999 _c1010494
_d1010494